|
|
|
|
| LEADER |
00000nab#a22000007a#4500 |
| 001 |
arbauad022411 |
| 003 |
AR-BaUAD |
| 005 |
20250711111919.0 |
| 008 |
961008|||||||||###||||||b###|0###a|spa|| |
| 040 |
|
|
|a AR-BaUAD
|c AR-BaUAD
|b spa
|
| 245 |
1 |
0 |
|a Arquitectura industrial en San Luis
|
| 300 |
0 |
|
|b axonom., cortes, detalles, fot., plantas, vistas
|
| 653 |
|
|
|a ARQUITECTURA INDUSTRIAL
|
| 653 |
|
|
|a INDUSTRIAS
|
| 653 |
|
|
|a SAN LUIS
|
| 653 |
|
|
|a LIER, RAUL
|
| 653 |
|
|
|a TONCONOGY, ALBERTO
|
| 653 |
|
|
|a LITVIN, MARIO
|
| 653 |
|
|
|a WAISBEIN, ROBERTO
|
| 653 |
|
|
|a AJA ESPIL, FEDERICO
|
| 653 |
|
|
|a COBELO, MARIA
|
| 653 |
|
|
|a CORREA, ANTOLIANO
|
| 653 |
|
|
|a SZUSTERMAN, SAMUEL
|
| 653 |
|
|
|a AFTALION-BISCHOF-EGOZCUE-VIDAL
|
| 653 |
|
|
|a CAFFARO ROSSI, LUIS
|
| 653 |
|
|
|a PARQUES INDUSTRIALES
|
| 773 |
0 |
|
|t Summa Temática
|g no. 21 [oct. 1987], p. 58-77
|
| 942 |
|
|
|c ARTI
|
| 952 |
|
|
|0 0
|1 0
|4 0
|7 0
|9 67330
|a AR-BAuAD
|b AR-BAuAD
|d 2025-07-11
|l 0
|p AAQA022411
|r 2025-07-11 11:19:19
|w 2025-07-11
|y ARTI
|
| 990 |
|
|
|a AQ198
|b TD
|
| 998 |
|
|
|a AAQ
|b BIBUN76
|
| 999 |
|
|
|c 47003
|d 47003
|